Internet marketing & e-commerce / (Record no. 8631)
[ view plain ]
| 000 -LEADER | |
|---|---|
| fixed length control field | 01091cac a22002891u 4500 |
| 090 ## - LOCALLY ASSIGNED LC-TYPE CALL NUMBER (OCLC); LOCAL CALL NUMBER (OCLC) | |
| -- | 8631 |
| 008 - FIXED-LENGTH DATA ELEMENTS--GENERAL INFORMATION | |
| fixed length control field | 081222t 2007xxu||||| |||| 00| 0 eng d |
| 010 ## - LIBRARY OF CONGRESS CONTROL NUMBER | |
| LC control number | 2006908239 |
| 020 ## - INTERNATIONAL STANDARD BOOK NUMBER | |
| International Standard Book Number | 0324074778 (pbk. ) |
| 020 ## - INTERNATIONAL STANDARD BOOK NUMBER | |
| International Standard Book Number | 9780324074772 (pbk. ) |
| 035 ## - SYSTEM CONTROL NUMBER | |
| System control number | (OCoLC)ocm77645445 |
| 035 ## - SYSTEM CONTROL NUMBER | |
| System control number | (OCoLC)77645445 |
| 082 ## - DEWEY DECIMAL CLASSIFICATION NUMBER | |
| Classification number | 658.872 |
| Item number | HAN |
| 100 ## - MAIN ENTRY--PERSONAL NAME | |
| Personal name | Hanson, Ward A. |
| 245 10 - TITLE STATEMENT | |
| Title | Internet marketing & e-commerce / |
| Statement of responsibility, etc | Ward A. Hanson, Kirthi Kalyanam. |
| 246 3# - VARYING FORM OF TITLE | |
| Title proper/short title | Internet marketing and e-commerce |
| 250 ## - EDITION STATEMENT | |
| Edition statement | Student ed. |
| 260 ## - PUBLICATION, DISTRIBUTION, ETC. (IMPRINT) | |
| Place of publication, distribution, etc | Australia ; |
| -- | Mason, OH : |
| Name of publisher, distributor, etc | Thomson/South-Western, |
| Date of publication, distribution, etc | c2007. |
| 260 ## - PUBLICATION, DISTRIBUTION, ETC. (IMPRINT) | |
| Name of publisher, distributor, etc | Distributer: Baccah. |
| 300 ## - PHYSICAL DESCRIPTION | |
| Extent | xiii, 642 p. : |
| Other physical details | col. ill ; |
| Dimensions | 25 cm. |
| 504 ## - BIBLIOGRAPHY, ETC. NOTE | |
| Bibliography, etc | Includes bibliographical references (p. [605]-622) and index |
| 650 #0 - SUBJECT ADDED ENTRY--TOPICAL TERM | |
| Topical term or geographic name as entry element | Internet marketing. |
| 650 #0 - SUBJECT ADDED ENTRY--TOPICAL TERM | |
| Topical term or geographic name as entry element | Electronic commerce. |
| 700 1# - ADDED ENTRY--PERSONAL NAME | |
| Personal name | Kalyanam, Kirthi. |
| 942 ## - ADDED ENTRY ELEMENTS (KOHA) | |
| Item type | Book - Borrowing |
| Call number prefix | 658.872HAN |
| Source of classification or shelving scheme | Dewey Decimal Classification |
| Withdrawn status | Item status | Source of classification or shelving scheme | Damaged status | Not for loan | Home library | Current library | Shelving location | Date acquired | Source of acquisition | Total Checkouts | Total Renewals | Full call number | Barcode | Checked out | Date last seen | Date last borrowed | Koha item type |
|---|---|---|---|---|---|---|---|---|---|---|---|---|---|---|---|---|---|
| Dewey Decimal Classification | Central Library | Central Library | First floor | 08/03/2016 | Purchase | 2 | 1 | 658.872 HAN | 000010608 | 31/01/2009 | 19/01/2009 | 19/01/2009 | Book - Borrowing |